000 00638nam a22002177a 4500
005 20191018185808.0
008 171128b xxu||||| |||| 00| 0 spa d
041 _aspa
082 _a3.27 M587m
245 _aMetodología para la planificación del turismo sostenible en áreas silvestres protegidas
260 _aCosta Rica
260 _bINBIO
260 _c2005
300 _a81 páginas
500 _aContiene disco compacto N° 489
650 _aTURISMO SOSTENIBLE
_99369
650 _aÁREAS PROTEGIDAS
_911818
650 _aSISTEMA NACIONAL DE ÁREAS DE CONSERVACIÓN
_944648
650 _aCOSTA RICA
_956533
942 _cBK
999 _c9997
_d9997